Statistiken für Deutsche Fußball-Nationalspieler 2013

Klicken Sie hier um das Quiz zu spielen!

Allgemein

  • Dieses Quiz wurde 76 mal gespielt
  • Das Durchschnittsergebnis liegt bei 20 aus 35

Antwortstatistiken

HintAntwort% Korrekt
TorManuel Neuer
98%
AbwehrMats Hummels
92%
AbwehrPhilipp Lahm
92%
AngriffMiroslav Klose
88%
AngriffNicolai Müller
88%
MittelfeldThomas Müller
88%
MittelfeldBastian Schweinsteiger
87%
AbwehrJérôme Boateng
85%
TorMarc-André ter Stegen
85%
MittelfeldMario Götze
83%
MittelfeldToni Kroos
77%
MittelfeldMarco Reus
75%
TorRoman Weidenfeller
75%
MittelfeldMesut Özil
73%
AbwehrBenedikt Höwedes
72%
AbwehrPer Mertesacker
72%
AngriffMario Gomez
70%
MittelfeldSami Khedira
70%
AngriffLukas Podolski
67%
AngriffAndré Schürrle
65%
TorRené Adler
57%
MittelfeldJulian Draxler
55%
Mittelfeldİlkay Gündoğan
53%
AbwehrMarcel Schmelzer
48%
MittelfeldLars Bender
32%
MittelfeldSven Bender
32%
AbwehrDennis Aogo
20%
MittelfeldMarcell Jansen
20%
AngriffMax Kruse
17%
MittelfeldSidney Sam
15%
AbwehrHeiko Westermann
10%
MittelfeldAaron Hunt
5%
AbwehrPhilipp Wollscheid
5%
MittelfeldRoman Neustädter
5%
MittelfeldStefan Reinartz
5%

Verteilung der Resultate

Perzentil nach korrekt beantworteten Fragen

Anzahl Personen mit jedem Resultat

Ihre Resultats-Entwicklung

Sie haben dieses Quiz noch nicht gespielt